European Economic Review
Enregistré dans:
| Format: | Publication en série |
|---|---|
| Langue: | anglais |
| Publié: |
Amsterdam
Elsevier Science
|
| Sujets: | |
| Tags: |
Pas de tags, Soyez le premier à ajouter un tag!
|
MARC
| LEADER | 00000nas1a22000001 4500 | ||
|---|---|---|---|
| 001 | s120677 | ||
| 005 | 20250701092100.9 | ||
| 022 | |a 0014-2921 | ||
| 022 | |a 1873-572X | ||
| 041 | 0 | |a eng | |
| 044 | |a NL | ||
| 245 | 1 | 0 | |a European Economic Review |
| 264 | 1 | |a Amsterdam |b Elsevier Science | |
| 610 | 2 | 0 | |a veda ekonomická |
| 610 | 2 | 0 | |a teórie ekonomické |